000 00520nam a2200181Ia 4500
008 210707s1976 xx 000 0 und d
041 _aeng
082 _a570 SCIR
100 _aSCIENTIFIC AMERICAN
245 _aResource library:readings in the life sciences.V10.
260 _aBombay
_bTaraporevala Publishing Industries Pvt Ltd.,
_c1976
300 _axxii,3653-4055 p
365 _b22
_cINR
440 _v10
563 _aHB
650 _aBiology
906 _aLife Science Scientific American Resource Library
999 _c179978
_d179978